Uncommon Colors Quiz - Statistics

General Stats
  • This quiz has been taken 10 times
  • The average score is 9 of 56
Answer Stats
Color Hex Answer % Correct
. #DC143C Crimson
88%
. #00FFFF Aqua
63%
. #89CFF0 Baby Blue
50%
. #DFFF00 Chartreuse
50%
. #7FFFD4 Aquamarine
38%
. #007FFF Azure
38%
. #800020 Burgundy
38%
. #007BA7 Cerulean
38%
. #C8A2C8 Lilac
38%
. #FFE5B4 Peach
38%
. #FF2400 Scarlet
38%
. #FBCEB1 Apricot
25%
. #F4C2C2 Baby Pink
25%
. #FFF700 Lemon
25%
. #808000 Olive
25%
. #D1E231 Pear
25%
. #CCCCFF Periwinkle
25%
. #FF7518 Pumpkin
25%
. #BCB88A Sage
25%
. #704214 Sepia
25%
. #882D17 Sienna
25%
. #3F00FF Ultramarine
25%
. #FFFDD0 Cream
13%
. #FF00FF Fuchsia
13%
. #4B0082 Indigo
13%
. #98FF98 Mint Green
13%
. #F4C430 Saffron
13%
. #009E60 Shamrock
13%
. #0014A8 Zaffre
13%
. #B284BE African Violet
0%
. #EFDECD Almond
0%
. #7C0A02 Barn Red
0%
. #FF0800 Candy Apple Red
0%
. #36454F Charcoal
0%
. #0047AB Cobalt Blue
0%
. #F88379 Coral Pink
0%
. #C19A6B Desert
0%
. #967117 Drab
0%
. #555D50 Ebony
0%
. #50C878 Emerald
0%
. #00FF40 Erin
0%
. #5A4FCF Iris
0%
. #00A86B Jade
0%
. #0BDA51 Malachite
0%
. #EAA221 Marigold
0%
. #C54B8C Mulberry
0%
. #FFDB58 Mustard
0%
. #A8C3BC Opal
0%
. #A81C07 Rufous
0%
. #FF7800 Safety Orange
0%
. #EED202 Safety Yellow
0%
. #FAD6A5 Tuscan
0%
. #C09999 Tuscany
0%
. #CEFF00 Volt
0%
. #EEED09 Xanthic
0%
. #2E5090 YInMn Blue
0%
No matching quizzes found
Score Distribution
Percent of People with Each Score
Percentile by Number Answered
Your Score History
You have not taken this quiz